<?xml version="1.0" encoding="UTF-8"?>
<collection xmlns="http://www.loc.gov/MARC21/slim">
<record>
  <controlfield tag="001">5425</controlfield>
  <controlfield tag="005">20260122091515.0</controlfield>
  <datafield tag="024" ind1="7" ind2="0">
    <subfield code="2">Collection name</subfield>
    <subfield code="a">Esther Pohl Lovejoy papers</subfield>
  </datafield>
  <datafield tag="024" ind1="7" ind2=" ">
    <subfield code="2">DOI</subfield>
    <subfield code="a">10.6083/M4JW8CC8</subfield>
  </datafield>
  <datafield tag="024" ind1="7" ind2="0">
    <subfield code="2">Collection number</subfield>
    <subfield code="a">2001-011</subfield>
  </datafield>
  <datafield tag="037" ind1=" " ind2=" ">
    <subfield code="a">DA</subfield>
  </datafield>
  <datafield tag="245" ind1=" " ind2=" ">
    <subfield code="a">Portrait of Esther Pohl Lovejoy in a Red Cross uniform</subfield>
  </datafield>
  <datafield tag="260" ind1=" " ind2=" ">
    <subfield code="c">1918 March</subfield>
  </datafield>
  <datafield tag="269" ind1=" " ind2=" ">
    <subfield code="a">1918-03</subfield>
  </datafield>
  <datafield tag="336" ind1=" " ind2=" ">
    <subfield code="a">Still image</subfield>
  </datafield>
  <datafield tag="520" ind1=" " ind2=" ">
    <subfield code="a">Black and white photograph of Esther Pohl Lovejoy in a Red Cross uniform during World War I.</subfield>
  </datafield>
  <datafield tag="540" ind1=" " ind2=" ">
    <subfield code="f">CC BY-NC</subfield>
  </datafield>
  <datafield tag="542" ind1=" " ind2=" ">
    <subfield code="f">Copyright Undetermined</subfield>
  </datafield>
  <datafield tag="650" ind1=" " ind2=" ">
    <subfield code="a">World War I</subfield>
    <subfield code="0">35996</subfield>
  </datafield>
  <datafield tag="650" ind1=" " ind2=" ">
    <subfield code="a">Physicians, Women</subfield>
    <subfield code="0">24118</subfield>
  </datafield>
  <datafield tag="650" ind1=" " ind2=" ">
    <subfield code="a">Red Cross</subfield>
    <subfield code="0">25245</subfield>
  </datafield>
  <datafield tag="655" ind1=" " ind2=" ">
    <subfield code="a">portraits</subfield>
    <subfield code="0">41543</subfield>
  </datafield>
  <datafield tag="720" ind1=" " ind2=" ">
    <subfield code="7">Personal</subfield>
    <subfield code="a">Lovejoy, Esther Pohl, 1869-1967</subfield>
    <subfield code="e">Depicted</subfield>
    <subfield code="0">10597</subfield>
  </datafield>
  <datafield tag="791" ind1=" " ind2=" ">
    <subfield code="2">URL</subfield>
    <subfield code="e">Is described by</subfield>
    <subfield code="t">Finding Aid</subfield>
    <subfield code="w">http://archiveswest.orbiscascade.org/ark:/80444/xv239989</subfield>
  </datafield>
  <datafield tag="856" ind1="4" ind2=" ">
    <subfield code="9">6e8c06af-025a-4094-8645-075b6a75c053</subfield>
    <subfield code="s">1105164</subfield>
    <subfield code="u">https://digitalcollections.ohsu.edu/record/5425/files/80ca59b3a47a281749103b42b08fec4a.jpg</subfield>
    <subfield code="e">Public</subfield>
    <subfield code="2">dbf9a0c30d6bd77e007566b23da49c72</subfield>
    <subfield code="3">1</subfield>
  </datafield>
  <datafield tag="905" ind1=" " ind2=" ">
    <subfield code="a">/rest/prod/zg/64/tm/30/zg64tm30p</subfield>
  </datafield>
  <datafield tag="956" ind1=" " ind2=" ">
    <subfield code="a">Get Accessible Copy</subfield>
    <subfield code="u">https://ohsu.libwizard.com/f/requestaccessibledocument_HCA</subfield>
  </datafield>
  <datafield tag="980" ind1=" " ind2=" ">
    <subfield code="a">Esther Pohl Lovejoy Collection</subfield>
  </datafield>
</record>
</collection>